Calciatori Roma 2005-2026 (Mercato Invernale) - Statistics

Statistiche generali
  • Questo quiz è stato fatto 1.360 volte
    98 dall'ultimo reset
  • Il punteggio medio è 116 su 246
Statistiche sulle risposte
Ruolo Nazionalità Giocatore % Corretto
D Italia Gianluca Mancini
91%
C Brasile Mancini
91%
P Brasile Alisson
88%
C Italia Daniele De Rossi
88%
A Bosnia Erzegovina Edin Džeko
86%
A Italia Francesco Totti
86%
P Serbia Mile Svilar
86%
D Grecia Kōstas Manōlas
84%
A Argentina Paulo Dybala
84%
C Bosnia Erzegovina Miralem Pjanić
81%
C Belgio Radja Nainggolan
81%
A Belgio Romelu Lukaku
79%
P Portogallo Rui Patrício
79%
A Montenegro Mirko Vučinić
77%
A Egitto Mohamed Salah
77%
P Polonia Wojciech Szczęsny
77%
C Italia Alessandro Florenzi
74%
A Olanda Donyell Malen
74%
A Costa D'Avorio Gervinho
74%
D Portogallo Mário Rui
74%
C Italia Lorenzo Pellegrini
72%
D Italia Luca Pellegrini
72%
P Spagna Pau López
72%
D Francia Philippe Mexès
72%
P Svezia Robin Olsen
72%
C Olanda Kevin Strootman
70%
A Italia Stephan El Shaarawy
70%
A Inghilterra Tammy Abraham
70%
D Serbia Aleksandar Kolarov
67%
D Germania Antonio Rüdiger
67%
C Italia Bryan Cristante
67%
D Inghilterra Chris Smalling
67%
C Cile David Pizarro
67%
A Uzbekistan Eldor Shomurodov
67%
A Argentina Matías Soulé
67%
P Italia Morgan De Sanctis
67%
A Costa D'Avorio Seydou Doumbia
67%
D Romania Cristian Chivu
65%
P Brasile Doni
65%
A Argentina Erik Lamela
65%
D Spagna José Ángel
65%
C Brasile Rodrigo Taddei
65%
A Italia Vincenzo Montella
65%
P Italia Antonio Mirante
63%
A Ucraina Artem Dovbyk
63%
C Turchia Cengiz Ünder
63%
A Irlanda Evan Ferguson
63%
D Costa D'Avorio Evan N'Dicka
63%
A Argentina - Paraguay Juan Manuel Iturbe
63%
C Francia Kouadio Koné
63%
P Uruguay Mauro Goicoechea
63%
D Marocco Mehdi Benatia
63%
A Italia - Argentina Pablo Osvaldo
63%
A Repubblica Ceca Patrik Schick
63%
A Colombia Víctor Ibarbo
63%
D Turchia Zeki Çelik
63%
P Romania Bogdan Lobonț
60%
C Argentina Diego Perotti
60%
D Brasile Juan Jesus
60%
P Brasile Júlio Sérgio
60%
P Polonia Łukasz Skorupski
60%
P Olanda Maarten Stekelenburg
60%
C Italia Simone Perrotta
60%
A Italia Antonio Cassano
58%
A Spagna Bryan Zaragoza
58%
D Argentina Federico Fazio
58%
D Norvegia John Arne Riise
58%
D Brasile Juan
58%
C Argentina Leandro Paredes
58%
A Italia Mattia Destro
58%
C Stati Uniti Michael Bradley
58%
A Iran Sardar Azmoun
58%
C Mali Seydou Keita
58%
D Danimarca Simon Kjær
58%
D Grecia Vasilīs Torosidīs
58%
D Brasile Wesley
58%
D Italia Christian Panucci
56%
D Argentina Guillermo Burdisso
56%
D Germania - Grecia José Holebas
56%
D Brasile Maicon
56%
D Italia Marco Cassetti
56%
C Brasile Marquinho
56%
D Argentina Nicolás Burdisso
56%
A Uruguay Nicolás López
56%
A Norvegia Ola Solbakken
56%
D Arabia Saudita Saud Abdulhamid
56%
D Spagna Angeliño
53%
A Spagna Bojan Krkić
53%
A Spagna Borja Mayoral
53%
D Olanda Devyne Rensch
53%
D Italia Federico Balzaretti
53%
D Italia Leonardo Spinazzola
53%
C Guinea Amadou Diawara
51%
A Ghana Felix Afena-Gyan
51%
P Italia Gianluca Curci
51%
D Polonia Jan Ziółkowski
51%
C Argentina Javier Pastore
51%
A Francia Jérémy Ménez
51%
C Francia Jordan Veretout
51%
D Brasile Leandro Castán
51%
D Albania Marash Kumbulla
51%
D Spagna Mario Hermoso
51%
D Brasile Marquinhos
51%
D Italia Max Tonetto
51%
C Marocco Neil El Aynaoui
51%
C Italia Niccolò Pisilli
51%
C Polonia Nicola Zalewski
51%
D Danimarca Rasmus Kristensen
51%
D Olanda Rick Karsdorp
51%
A Italia Andrea Belotti
49%
D Inghilterra Ashley Cole
49%
D Brasile Bruno Peres
49%
P Brasile Daniel Fuzato
49%
D Bosnia Erzegovina Ervin Zukanović
49%
D Argentina Gabriel Heinze
49%
D Paraguay Iván Piris
49%
D Francia - Repubblica centrafricana Mapou Yanga-Mbiwa
49%
A Italia Marco Borriello
49%
D Germania Mats Hummels
49%
C Italia Nicolò Zaniolo
49%
C Grecia Panagiōtīs Tachtsidīs
49%
A Spagna Pedro
49%
C Turchia Salih Uçan
49%
C Francia Steven Nzonzi
49%
A Spagna Carles Pérez
47%
D Spagna - Olanda Dean Huijsen
47%
D Italia - Brasile Emerson Palmieri
47%
A Italia Lorenzo Venturino
47%
D Francia Lucas Digne
47%
A Croazia Nikola Kalinić
47%
D Slovacchia Norbert Gyömbér
47%
A Francia Robinio Vaz
47%
D Brasile Roger Ibañez
47%
A Italia Tommaso Baldanzi
47%
A Serbia Adem Ljajić
44%
C Croazia Ante Ćorić
44%
D Spagna Diego Llorente
44%
D Brasile Dodô
44%
C Armenia Henrix Mkhitaryan
44%
D Spagna Iván Marcano
44%
A Italia Luca Toni
44%
C Francia Maxime Gonalons
44%
A Italia Stefano Okaka
44%
A Brasile Adriano
42%
C Italia Alberto Aquilani
42%
C Italia Aleandro Rosi
42%
C Belgio Alexis Saelemaekers
42%
C Brasile Fábio Simplício
42%
D Italia Riccardo Calafiori
42%
A Nigeria Umar Sadiq
42%
C Ghana Ahmed Apimah Barusso
40%
C Inghilterra Ainsley Maitland-Niles
40%
D Italia Alessio Romagnoli
40%
D Stati Uniti Bryan Reynolds
40%
A Italia Fabio Borini
40%
C Olanda Georginio Wijnaldum
40%
A Spagna Iago Falque
40%
A Brasile Júlio Baptista
40%
D Grecia Kōstas Tsimikas
40%
D Uruguay Matías Viña
40%
C Italia Matteo Brighi
40%
C Serbia Nemanja Matić
40%
D Belgio Thomas Vermaelen
40%
D Danimarca Victor Nelsson
40%
P Brasile Artur
37%
D Italia Davide Santon
37%
D Italia Davide Zappacosta
37%
C Argentina Fernando Gago
37%
C Spagna Gonzalo Villar
37%
D Argentina Leandro Cufré
37%
D Turchia Mert Çetin
37%
D Argentina Nicolás Spolli
37%
D Italia - Brasile Rafael Tolói
37%
C Portogallo Renato Sanches
37%
D Ghana Samuel Kuffour
37%
C Portogallo Sérgio Oliveira
37%
A Paraguay Antonio Sanabria
35%
D Brasile Cicinho
35%
C Italia Damiano Tommasi
35%
C Italia Edoardo Bove
35%
C Brasile Gerson
35%
A Olanda Justin Kluivert
35%
D Italia Simone Loria
35%
C Olanda Urby Emanuelson
35%
C Romania Adrian Piț
33%
C Bosnia Erzegovina Benjamin Tahirović[
33%
C Gambia Ebrima Darboe
33%
C Algeria Houssem Aouar
33%
D Svezia Samuel Dahl
33%
D Mali Souleymane Diamoutene
33%
D Croazia Tin Jedvaj
33%
P Italia Carlo Zotti
30%
C Francia Clément Grenier
30%
A Francia Grégoire Defrel
30%
D Messico Héctor Moreno
30%
C Francia Ludovic Giuly
30%
D Italia Marco Motta
30%
C Francia Olivier Dacourt
30%
A Slovenia Žan Celar
30%
D Italia Davide Astori
28%
C Honduras Edgar Álvarez
28%
D Argentina Jonathan Silva
28%
D Francia Lucas Gourna-Douath
28%
C Guinea Mady Camara
28%
D Portogallo Vitorino Antunes
28%
C Italia Alessio Cerci
26%
D Olanda Anass Salah-Eddine
26%
C Francia Enzo Le Fée
26%
D Italia Marco Andreolli
26%
D Italia Matteo Ferrari
26%
A Italia Mirko Antonucci
26%
C Francia William Vainqueur
26%
A Italia Daniele Verde
23%
D Italia Filippo Missori
23%
C Francia - Marocco Houssine Kharja
23%
C Italia Leandro Greco
23%
C Brasile Michel Bastos
23%
C Francia - Senegal Ricardo Faty
23%
C Italia Riccardo Pagano
23%
A Burundi - Repubblica democratica del Congo Shabani Nonda
23%
C Italia Stefano Guberti
23%
C Romania Adrian Stoian
21%
D Italia Arturo Calabresi
21%
A Italia Cristian Volpato
21%
A Italia Giammario Piscitella
21%
C Italia Gianluca Caprari
21%
C Italia Lorenzo Di Livio
21%
A Italia Marco Tumminello
21%
C Italia Alessio Riccardi
19%
A Italia Federico Ricci
19%
C Italia Federico Viviani
19%
A Italia Francesco Tavano
19%
D Italia Luca Antei
19%
A Italia Mauro Esposito
19%
D Italia Michele Somma
19%
C Italia Tommaso Milanese
19%
D Italia Alessandro Crescenzi
16%
D Italia Cesare Bovo
16%
D Italia Elio Capradossi
16%
A Argentina Ezequiel Ponce
16%
D Italia Paolo Castellini
16%
A Danimarca Rezan Corlu
16%
A Costa D'Avorio Gadji Tallo
14%
A Italia Marco D'Alessandro
14%
A Italia Stefano Pettinari
14%
C Brasile Filipe
12%
Nessun quiz corrispondente trovato
Distribuzione punteggi
Percentuale di utenti per punteggio
Percentile per numero di risposta
I tuoi punteggi nel tempo
Non hai fatto questo quiz dall'ultimo reset